| Tag |
First Indicator |
Second Indicator |
Subfields |
| LEADER |
00000cem a2200000 a 4500 |
| 001 |
in00000865421 |
| 005 |
20151019084056.0 |
| 007 |
aj canzn |
| 008 |
870101s1986 dcu a f 1 eng d |
| 010 |
|
|
|a gp 87006477
|
| 034 |
1 |
|
|a a
|b 15000
|d E0373100
|e E0374300
|f N0554900
|g N0554100
|
| 035 |
|
|
|a (OCoLC)15046112
|
| 035 |
|
|
|9 AEF5677AM
|
| 040 |
|
|
|a GAT
|c GAT
|d GPO
|d UtOrBLW
|
| 052 |
|
|
|a 7004
|b M7
|
| 074 |
|
|
|a 856-A-1
|
| 086 |
0 |
|
|a PrEx 3.10/4:M 85/6
|
| 090 |
|
|
|a G7004.M7 1986
|b .U53
|
| 110 |
1 |
|
|a United States.
|b Central Intelligence Agency.
|
| 245 |
1 |
0 |
|a Central Moscow.
|
| 255 |
|
|
|a Scale 1:15,000
|c (E 3731ʹ--E 3743ʹ/N 5549ʹ--N 5541ʹ).
|
| 264 |
|
1 |
|a [Washington, D.C.?] :
|b [Central Intelligence Agency],
|c [1986]
|
| 300 |
|
|
|a 1 map :
|b color ;
|c 110 x 87 cm.
|
| 336 |
|
|
|a cartographic image
|b cri
|2 rdacontent
|
| 337 |
|
|
|a unmediated
|b n
|2 rdamedia
|
| 338 |
|
|
|a sheet
|b nb
|2 rdacarrier
|
| 500 |
|
|
|a Shipping list number: 86-991-P.
|
| 500 |
|
|
|a Shows transit stations, embassies, churches, recreational areas, assorted places of business, and house numbering system.
|
| 500 |
|
|
|a "For greater coverage, see Moscow, 1:35,000 scale, map number 800587."
|
| 500 |
|
|
|a "This edition of the Central Moscow street map reflects the recent Soviet street and place name changes as of July 1986"--Verso.
|
| 500 |
|
|
|a Indexes, abbreviations and glossary on verso.
|
| 500 |
|
|
|a "800586 (544356) 7-86."
|
| 500 |
|
|
|a Cartographic material.
|
| 651 |
|
0 |
|a Moscow (Russia)
|v Maps.
|
| 999 |
|
|
|a MARS
|
| 999 |
f |
f |
|s a30bab7f-0e72-38d0-af81-506e7dd658bc
|i 6966e37e-5c44-3c70-82fb-6839966018f0
|t 0
|
| 952 |
f |
f |
|p normal
|a Texas A&M University
|b College Station
|c Sterling C. Evans Library
|d Evans: Maps (2nd floor)
|t 0
|e G7004.M6:2C4 1986.U5
|h Library of Congress classification
|i unmediated -- sheet
|m A14824693775
|
| 998 |
f |
f |
|a G7004.M6:2C4 1986.U5
|t 0
|l Evans: Maps (2nd floor)
|